| 000 | 00542nam a22001937a 4500 | ||
|---|---|---|---|
| 003 | OSt | ||
| 005 | 20140310182330.0 | ||
| 008 | 130921t xxu||||| |||| 00| 0 eng d | ||
| 020 | _a9780673429513 | ||
| 050 |
_aCL 581 _b.D631ha 1993 |
||
| 082 |
_aGS 500 D54 _b1993 M.D |
||
| 245 | _ahabitat | ||
| 260 |
_aNew Jersey : _bScott Foresman, _cc1993. |
||
| 300 |
_a 32 p. : _bcol. ill. ; _c28 cm. |
||
| 440 |
_aDiscover the wonder _nmodula A _921360 |
||
| 650 |
_aNatural science _xhabitat _921361 |
||
| 942 |
_2lcc _cBK-GS _eGS |
||
| 999 |
_c11959 _d11959 |
||